|
|
|
|
| LEADER |
00676nam a22001817a 4500 |
| 082 |
|
|
|a 894.M2
|b SUK/V J5
|
| 100 |
|
|
|a കെ സുകുമാരന്
|9 173946
|
| 100 |
|
|
|a K Sukumaran
|9 173947
|
| 240 |
|
|
|a Virunnuvanna Maman
|
| 245 |
|
|
|a വിരുന്നുവന്ന മാമന്
|
| 250 |
|
|
|a 1st
|
| 260 |
|
|
|a Kozhicode;
|b P K Brothers;
|c 1955
|
| 300 |
|
|
|a 69p.
|
| 650 |
|
|
|a മലയാളം; നാടകം
|9 173948
|
| 650 |
|
|
|a Malayalam; Drama
|9 173949
|
| 942 |
|
|
|c BK
|
| 999 |
|
|
|c 50039
|d 50039
|
| 952 |
|
|
|0 0
|1 0
|4 0
|6 894_000000000000000_M2_SUK6_V_J5
|7 0
|8 DRA
|9 59020
|a MAL
|b MAL
|d 2016-03-11
|e 9708
|g 8.00
|l 0
|o 894.M2 SUK6/V J5
|p MAL009708
|r 2016-03-11
|t 1
|w 2016-03-11
|y BK
|